A hitelesség. {Autentitictatea}. [The autenticity]
Elmentve itt :
| Szerző: | |
|---|---|
| Adatforrás: | Meister |
| Forrásdokumentuma: | A Hét. - 2001. 2, 6. |
| Nyelv: | magyar |
| Kulcsszavak: | jegyzet nota note |
| LEADER | 00364nab a2200145 i 4500 | ||
|---|---|---|---|
| 001 | bibPRO00013115 | ||
| 008 | 080908s2001 xx hun | ||
| 040 | |a Sz1 | ||
| 041 | |a hun | ||
| 100 | 1 | |a TAMÁS Tímea | |
| 245 | 1 | 2 | |a A hitelesség. {Autentitictatea}. [The autenticity] |c TAMÁS Tímea |
| 695 | |a jegyzet | ||
| 695 | |a nota | ||
| 695 | |a note | ||
| 773 | 0 | |t A Hét. - |g 2001. 2, 6. | |